Podpora konkurencieschopnosti malého a stredného podnikania ako súčasť politiky konkurencieschopnosti EÚ

Charakteristika konkurencieschopnosti na viacero úrovniach. Programy Rámcového programu pre konkurencieschopnosť a inovácie 2007-2013.

Enregistré dans:
Détails bibliographiques
Auteur principal: Rosenberg, Miloslav
Autres auteurs: Mečár, Miroslav
Format: Chapitre de livre
Langue:slovaque
Sujets:
Tags: Ajouter un tag
Pas de tags, Soyez le premier à ajouter un tag!

MARC

LEADER 00000naa$a2200000$$$4500
001 0066612
005 20240502071806.9
041 0 |a slo 
044 |a SK 
245 1 0 |a Podpora konkurencieschopnosti malého a stredného podnikania ako súčasť politiky konkurencieschopnosti EÚ  |c Miloslav Rosenberg, Miroslav Mečár 
520 |a Charakteristika konkurencieschopnosti na viacero úrovniach. Programy Rámcového programu pre konkurencieschopnosť a inovácie 2007-2013. 
610 2 0 |a podnikanie malé 
610 2 0 |a podnikanie stredné 
610 2 0 |a programy rozvojové 
610 2 0 |a podpora podnikania 
610 2 0 |a Európska únia 
610 2 0 |a konkurencieschopnosť 
100 1 |a Rosenberg, Miloslav 
700 1 |a Mečár, Miroslav